000 00343nam a2200157Ia 4500
003 0STCL
008 150530s9999 xx 000 0 und d
040 _aSTCL
_cSTCL
100 _aFaulkner
245 _aSanctuary
260 _bChatto and Windus
_c1952
546 _aEnglish
942 _2ddc
_cBK
999 _c59105
_d59105
005 20220125171059.0